| 000 | 00731nam a22002297a 4500 | ||
|---|---|---|---|
| 003 | OSt | ||
| 005 | 20251205080832.0 | ||
| 008 | 251205b |||||||| |||| 00| 0 eng d | ||
| 020 | _a971-118-080-4. | ||
| 040 |
_aDWCL-Main lib. _cOC |
||
| 082 | _aFil. 920 A161 1990 | ||
| 100 | _aSalanga, Alfredo N. | ||
| 245 |
_aA personal chronicle 1971-1987/ _cAlfredo N. Salanga |
||
| 260 |
_aManila : _bDe La Salle University Press, _c c1990. |
||
| 300 |
_a177 p. ; _c25 cm. |
||
| 504 | _aIncludes bibliographical references and index. | ||
| 650 | _a1. Authors-Correspondence, | ||
| 650 | _a2. Philippines-History, | ||
| 650 | _a3. 1071-1987-Personal narratives. | ||
| 700 | _aJoaquin, Nick | ||
| 942 |
_2ddc _cBK - FIL _hFil. _n0 |
||
| 999 |
_c6960 _d6960 |
||